Представление документа в формате RUSMARC

ПолеНазваниеЗначение
  Тип записи a
  Библиографический уровень m
001 Контрольный номер RU/УОНБ/EK_N/540731187
005 Дата корректировки 20240130235050.4
010 Индекс ISBN __
9 Тираж 300 экз.
013 Номер (ISMN) __
a Номер (ISMN) 978-5-7140-1238-9
d Цена 442 р.
071 Издательские номер (звукозапись и ноты) 21
a Номер, присвоенный агентством 16020
100 Данные общей обработки __
a Данные общей обработки 20170218d2011 u y0rusy0189||||ca
101 Язык документа 0_
a Язык текста rus
f Язык титульного листа rus
102 Страна публикации __
a Страна публикации RU
105 Кодированные данные (монография) __
a Кодированные данные (монография) y###||||000|y
125 Кодированные данные звукозаписи и нотных изданий __
a Форма изложения нотного текста d|
128 Кодированные данные (звукозаписи-физические характеристики) __
a Кодированные данные: Музыкальная форма и тональность или лад zz
b Инструменты или голоса, необходимые для ансамблей (устаревшее) cu||
200 Заглавие и сведения об ответственности 1_
a Заглавие Вып. 1
e Сведения, относящиеся к заглавию произведения для хора без сопровожд.
f Первые сведения об ответственности сост. и авт. предисл. Д. Семеновский, М. Королёва
210 Выходные данные 1_
d Дата издания 2011
215 Физическое описание __
a Объем 80 с.
327 Примечание о содержании 11
a Примечание о содержании Содерж. : I. Двухстрочное изложение : Женский хор : У зари-то, у зореньки : рус. нар. песня. - Ребиков В. Зарумянились вишни и сливы сл. / Н. Афанасьева. - Новиков А. При долине куст калины / сл. А. Софронова. - Чесноков П. Тебе поем. - Полонский С. Эхо / сл. О. Высотской. - Мартини Дж. Осень / рус. текст К. Алемасовой. - Нестеров А. Клен / сл. П. Комарова. - Горы Воробьевские : рус. нар. песня. - Попатенко Т. Береза / сл. С. Есенина. - Парцхаладзе М. Море спит / сл. Л. Кондрашенко. - Бах И. С. В час вечерний / сл. Я. Родионова. - Корзин В. Осень / сл. Г. Андреевой. - Буцко Ю. Цвели в поле цветики / сл. нар. - Флярковский А. Все так спокойно / сл. Н. Некрасова. - Снетков Б. У подножья Казбека / сл. Т. Тетцоева. - Мужской хор : Ноченька : рус. нар. песня / обраб. Д. Локшина. - Ничто в полюшке не колышется : рус. нар. песня / обраб. Л. Шохина. - Бетховен Л. Походная песня / сл. Т. Сикорской. - Шуберт Ф. Майская песня / сл. Л. К. Г. Хёльти. - Рубинштейн А. Старая песня / сл. А. Кольцова. - Бойко Р. Закаты да рассветы / сл. Л. Досталя. - Вебер К. М. Песня меча / сл. Т. Кернера. - Ах, не одна во поле дороженька : рус. нар. песня / обраб. А. В. Александрова. - Аренский А. Тебе поем. - Львов А. Вечери Твоея тайныя. - Витол Я. Лесное озеро / сл. Аусеклиса. - Мендельсон Ф. Серенада / сл. И. Эйхендорфа. - Шебалин В. Полынок / А. Софронова. - Абт Ф. Серенада. - Борг О. Море / сл. И. Хандагарда. - Смешанный хор : Уж и я ли, молода : рус. нар. песня / обраб.И. Некрасова. - Пион : литов. нар. песня / обраб. С. Шимкуса. - Ты одна в моем сердце : нем. нар. песня / пер. К. Алемасовой. - Перселл Г. Вечерняя песня. - Зажглись на елке свечи : норв. нар. песня / обраб. Ф. Валена. - Алябьев А. Прощание с соловьем на севере / сл. И. Веттера. - Там, за лесом : карел. нар. песня / обраб. Д. Ардентова. - Мендельсон Ф. Беги со мной / сл. Г. Гейне. - Крейцер К. Вечерние колокола : из оперы "Ночной лагерь в Гранаде". - Чайковский П. Тебе поем : из "Литургии св. Иоанна Златоуста". - Бортнянский Д. Достойно есть. - Слонимский С. В небе тают облака / сл. Ф. Тютчева. - Архангельский А. К Богородице прилежно... - Ломакин Г. Иже херувимы. - II. Трехстрочное изложение : женский хор : Уж ты, поле мое : рус. нар. песня / перелож. Д. Семеновского. - Ребиков В. Поздняя осень / сл. Н. Некрасова. - Где ты, колечко? : греч. нар. песня / обраб. Вл. Соколова. - Лес раскинулся дремучий : латыш. нар. песня / обраб. Я. Озолиня ; сл. А. Бродле. - Вебер К. М. В лодке / рус. текст Р. Михайловской. - Римский-Корсаков Н. Котик / сл. нар. - Маренцио Л. Зимняя песня / рус. текст М. Павловой. - Палестрина Дж. Весна : канцонетта / рус. текст Я. Серпина. - Анцев М. Звездная полночь / сл. Б. Никонова. - Попатенко Т. О чем шумели деревья? / сл. Е. Авдиенко. - Лучинушка : рус. нар. песня / обраб. А. Рубца. - Кюи Ц. В лесу / сл. И. Белоусова. - Мужской хор : Среди долины ровныя : рус. нар. песня / сл. Л. Мерзлякова ; обраб. А. Луканина. - По диким степям Забайкалья : рус. нар песня / обраб. Вл. Соколова. - Стонет сизый голубочек : рус. песня / сл. И. Дмитриева. - Муз. неизв. авт. Хвалу Всевышнему Владыке / сл. М. Ломоносова. - Пейте, братцы, попейте : рус. кант XVIII в. - Парцхаладзе М. Родина моя / сл. Ю. Полухина. - Ипполитов-Иванов М. Сосна / сл. М. Лермонтова (из Гейне). - Бортнянский Д. Херувимская песнь ; Хвалите Господа с небес. - Турчанинов П. Отче наш : из "Литургии св. Иоанна Златоуста". - Римский-Корсаков Н. Восточная песня / сл. А. Кольцова. - Лист Ф. Зелень трав / сл. Л. Уланда ; пер. К. Алемасовой.
461 Уровень набора _0
1 001RU/УОНБ/EK_N/540730273
1 200
a Хрестоматия по чтению хоровых партитур
b Ноты
e сред. муз. учебные заведения
e в 5- ти вып.
v Вып. 1
1 210
a М.
c Музыка
d 2011
464 Аналитический уровень _0
1 2001
a У зари-то, у зореньки
e У зари-то, у зореньки...
e рус. нар. песня
e для жен. хора
464 Аналитический уровень _0
1 2001
a Зарумянились вишни и сливы
e Зарумянились вишни и сливы...
e для жен. хора
1 700 1
a Ребиков
b В.
1 702 1
a Афанасьев
b Н.
4 520
464 Аналитический уровень _0
1 2001
a При долине куст калины
e При долине куст калины...
e для жен. хора
1 700 1
a Новиков
b А.
1 702 1
a Софронов
b А.
4 520
464 Аналитический уровень _0
1 2001
a Тебе поем
e Тебе поем, тебе благословим...
e для жен. хора
1 700 1
a Чесноков
b П.
464 Аналитический уровень _0
1 2001
a Эхо
e Кто, скрываясь по лесам...
e для жен. хора
1 700 1
a Полонский
b С.
1 702 1
a Высотская
b О.
4 520
464 Аналитический уровень _0
1 2001
a Осень
e Лето от нас улетело...
e для жен. хора
1 700 1
a Мартини
b Дж.
1 702 1
a Алемасова
b К.
4 030
464 Аналитический уровень _0
1 2001
a Клен
e На лугу стоит зеленом...
e для жен. хора
1 700 1
a Нестеров
b А.
1 702 1
a Комаров
b П.
4 520
464 Аналитический уровень _0
1 2001
a Горы Воробьевские
e Эх, вы, горы мои, горы...
e рус. нар. песня
e для жен. хора
1 702 1
a Аксюк
b С.
4 030
464 Аналитический уровень _0
1 2001
a Береза
e Белая береза под моим окном...
e для жен. хора
1 700 1
a Попатенко
b Т.
1 702 1
a Есенин
b С.
4 520
464 Аналитический уровень _0
1 2001
a Море спит
e Оно металось до утра...
e для жен. хора
1 700 1
a Парцхаладзе
b М.
1 702 1
a Кондрашенко
b Л.
4 520
464 Аналитический уровень _0
1 2001
a В час вечерний
e Сердца открыты в час вечерний...
e для жен. хора
1 700 1
a Бах
b И. С.
1 702 1
a Родионов
b Я.
4 520
464 Аналитический уровень _0
1 2001
a Осень
e Осень, осень листья перекрасила...
e для жен. хора
1 700 1
a Корзин
b В.
1 702 1
a Андреева
b Г.
4 520
464 Аналитический уровень _0
1 2001
a Цвели в поле цветики
e Цвели в поле цветики...
e для жен. хора
1 700 1
a Буцко
b В.
464 Аналитический уровень _0
1 2001
a Все так спокойно
e Все так спокойно...
e для жен. хора
1 700 1
a Флярковский
b А.
1 702 1
a Некрасов
b Н.
4 520
464 Аналитический уровень _0
1 2001
a У подножья Казбека
e Над зелеными лесами...
e для жен. хора
1 700 1
a Снетков
b Б.
1 702 1
a Тетцоев
b Т.
4 520
464 Аналитический уровень _0
1 2001
a Ноченька
e Ах ты, ноченька...
e рус. нар. песня
e для муж. хора
1 702 1
a Локшин
b Д.
4 030
464 Аналитический уровень _0
1 2001
a Ничто в полюшке не колышется
e Ничто в полюшке не колышется...
e рус. нар. песня
e для муж. хора
1 702 1
a Шохин
b Л.
4 030
464 Аналитический уровень _0
1 2001
a Походная песня
e Над походным нашим станом...
e для муж. хора
1 700 1
a Бетховен
b Л.
1 702 1
a Сикорская
b Т.
4 520
464 Аналитический уровень _0
1 2001
a Майская песня
e В зелени леса...
e для муж. хора
1 700 1
a Шуберт
b Ф.
1 702 1
a Хёльти
b Л. К. Г.
4 520
464 Аналитический уровень _0
1 2001
a Старая песня
e Из лесов дремучих...
e для муж. хора
1 700 1
a Рубинштейн
b А.
1 702 1
a Кольцов
b А.
4 520
464 Аналитический уровень _0
1 2001
a Закаты да рассветы
e Закаты да рассветы...
e для муж. хора
1 700 1
a Бойко
b Р.
1 702 1
a Досталь
b Л.
4 520
464 Аналитический уровень _0
1 2001
a Песня меча
e Зачем ты, меч мой грозный...
e для муж. хора
1 700 1
a Вебер
b К. М.
1 702 1
a Кернер
b Т.
4 520
464 Аналитический уровень _0
1 2001
a Ах, не одна во поле дороженька
e Ах, не одна во поле дороженька...
e рус. нар. песня
e для муж. хора
1 702 1
a Александров
b А. В.
4 030
464 Аналитический уровень _0
1 2001
a Тебе поем
e Тебе поем...
e для муж. хора
1 700 1
a Аренский
b А.
464 Аналитический уровень _0
1 2001
a Вечери Твоея тайныя
e Вечери Твоея тайныя...
e для муж. хора
1 700 1
a Львов
b А.
464 Аналитический уровень _0
1 2001
a Лесное озеро
e Как мирно дремлет...
e для муж. хора
1 700 1
a Витол
b Я.
1 702 1
a Аусеклис
4 520
464 Аналитический уровень _0
1 2001
a Серенада
e Спи, друг милый...
e для муж. хора
1 700 1
a Мендельсон
b Ф.
1 702 1
a Эйхендорф
b И.
4 520
464 Аналитический уровень _0
1 2001
a Полынок
e Каблуками, сапогами...
e для муж. хора
1 700 1
a Шебалин
b В.
1 702 1
a Софронов
b А.
4 520
464 Аналитический уровень _0
1 2001
a Серенада
e Золотистый свет заката...
e для муж. хора
1 700 1
a Абт
b Ф.
464 Аналитический уровень _0
1 2001
a Море
e Эй, ты быстрая чайка...
e для муж. хора
1 700 1
a Борг
b О.
1 702 1
a Хандагард
b И.
4 520
464 Аналитический уровень _0
1 2001
a Уж и я ли, молода
e Уж и я ли, молода...
e рус. нар. песня
e для смеш. хора
1 702 1
a Некрасов
b И.
4 030
464 Аналитический уровень _0
1 2001
a Пион
e Цветок мой прекрасный...
e литов. нар. песня
e для смешан. хора
1 702 1
a Шимкус
b С.
4 030
464 Аналитический уровень _0
1 2001
a Ты одна в моем сердце
e Ты одна в моем сердце...
e нем. нар. песня
e для смешан. хора
1 702 1
a Алемасова
b К.
4 030
464 Аналитический уровень _0
1 2001
a Вечерняя песня
e Небо темно...
1 700 1
a Перселл
b Г.
464 Аналитический уровень _0
1 2001
a Зажглись на елке свечи
e Зажглись на елке свечи...
e норв. нар. песня
e для смешан. хора
1 702 1
a Вален
b Ф.
4 030
464 Аналитический уровень _0
1 2001
a Прощание с соловьем на севере
e Улетай, наш соловей...
1 700 1
a Алябьев
b А.
1 702 1
a Веттер
b И.
4 520
464 Аналитический уровень _0
1 2001
a Там, за лесом
e Там, за лесом, за рекой...
e карел. нар. песня
e для смешан. хора
1 702 1
a Ардентов
b Д.
4 030
464 Аналитический уровень _0
1 2001
a Беги со мной
e Беги со мной...
1 700 1
a Мендельсон
b Ф.
1 702 1
a Гейне
b Г.
4 520
464 Аналитический уровень _0
1 2001
a Вечерние колокола
e Звон вечерний, колокольный...
e из оперы "Ночной лагерь в Гранаде"
1 700 1
a Крейцер
b К.
1 50010
a Ночной лагерь в Гранаде
464 Аналитический уровень _0
1 2001
a Тебе поем
e Тебе поем...
e из "Литургии св. Иоанна Златоуста"
1 700 1
a Чайковский
b П.
1 50010
a Литургия св. Иоанна Златоуста
464 Аналитический уровень _0
1 2001
a Достойно есть
e Достойно есть...
1 700 1
a Бортнянский
b Д.
464 Аналитический уровень _0
1 2001
a В небе тают облака
e В небе тают облака...
1 700 1
a Слонимский
b С.
1 702 1
a Тютчев
b Ф.
4 520
464 Аналитический уровень _0
1 2001
a К Богородице прилежно...
e К Богородице прилежно...
1 700 1
a Архангельский
b А.
464 Аналитический уровень _0
1 2001
a Иже херувимы
e Иже херувимы...
1 700 1
a Ломакин
b Г.
464 Аналитический уровень _0
1 2001
a Уж ты, поле мое
e Уж ты, поле мое...
e рус. нар. песня
e для женского хора
1 702 1
a Семеновский
b Д.
4 030
464 Аналитический уровень _0
1 2001
a Поздняя осень
e Поздняя осень...
e для женского хора
1 700 1
a Ребиков
b В.
1 702 1
a Некрасов
b Н.
4 520
464 Аналитический уровень _0
1 2001
a Где ты, колечко?
e Где ты, колечко...
e греч. нар. песня
e для женского хора
1 702 1
a Соколов
b Вл.
4 030
464 Аналитический уровень _0
1 2001
a Лес раскинулся дремучий
e Лес раскинулся дремучий...
e латыш. нар. песня
e для женского хора
1 702 1
a Озолиня
b Я.
4 030
1 702 1
a Бродле
b А.
4 520
464 Аналитический уровень _0
1 2001
a В лодке
e Лазурное небо...
1 702 1
a Михайловская
b Р.
4 730
464 Аналитический уровень _0
1 2001
a Котик
e Как у котика-кота...
1 700 1
a Римский-Корсаков
b Н.
1 702 1
a сл. нар.
4 520
464 Аналитический уровень _0
1 2001
a Зимняя песня
e Быстрей летите, санки...
1 700 1
a Маренцио
b Л.
1 702 1
a Павлова
b М.
4 730
464 Аналитический уровень _0
1 2001
a Весна
e Ты к нам пришла,весна...
e канцонетта
1 700 1
a Палестрина
b Дж.
1 702 1
a Серпин
b Я.
4 730
464 Аналитический уровень _0
1 2001
a Звездная полночь
e Звездная полночь...
e для женского хора
1 700 1
a Анцев
b М.
1 702 1
a Никонов
b Б.
4 520
464 Аналитический уровень _0
1 2001
a О чем шумели деревья?
e С утра и до вечера...
e для женского хора
1 700 1
a Попатенко
b Т.
1 702 1
a Авдиенко
b Е.
4 520
464 Аналитический уровень _0
1 2001
a Лучинушка
e Лучина, лучинушка...
e рус. нар. песня
1 702 1
a Рубец
b А.
4 030
464 Аналитический уровень _0
1 2001
a В лесу
e Я в лесу, вдыхаю жадно воздух...
e для женского хора
1 700 1
a Кюи
b Ц.
1 702 1
a Белоусов
b И.
4 520
464 Аналитический уровень _0
1 2001
a Среди долины ровныя
e Среди долины ровныя...
e для мужского хора
e рус. нар. песня
1 702 1
a Мерзляков
b Л.
4 520
1 702 1
a Луканин
b А.
4 030
464 Аналитический уровень _0
1 2001
a По диким степям Забайкалья
e По диким степям Забайкалья...
e рус. нар песня
e для муж. хора
1 702 1
a Соколов
b Вл.
4 030
464 Аналитический уровень _0
1 2001
a Стонет сизый голубочек
e Стонет сизый голубочек...
e для муж. хора
1 702 1
a Дмитриев
b И.
4 520
1 702 1
a Зайцов
b С.
4 030
464 Аналитический уровень _0
1 2001
a Хвалу Всевышнему Владыке
e Хвалу Всевышнему Владыке...
e для муж. хора
1 702 1
a Ломоносов
b М.
4 520
464 Аналитический уровень _0
1 2001
a Пейте, братцы, попейте
e Пейте, братцы, попейте...
e рус. кант XVIII в.
e для муж. хора
464 Аналитический уровень _0
1 2001
a Родина моя
e Много я прошел дорог...
e для муж. хора
1 700 1
a Парцхаладзе
b М.
1 702 1
a Полухин
b Ю.
4 520
464 Аналитический уровень _0
1 2001
a Сосна
e На севере диком...
e для муж. хора
1 700 1
a Ипполитов-Иванов
b М.
1 702 1
a Лермонтов
b М.
4 520
464 Аналитический уровень _0
1 2001
a Херувимская песнь
e Иже херувимы...
e для муж. хора
1 700 1
a Бортнянский
b Д.
464 Аналитический уровень _0
1 2001
a Отче наш
e Отче наш, иже еси на небесех...
e из "Литургии св. Иоанна Златоуста"
e для муж. хора
1 700 1
a Турчанинов
b П.
1 50010
a Литургия св. Иоанна Златоуста
464 Аналитический уровень _0
1 2001
a Восточная песня
e Пленившись розой, соловей...
e для муж. хора
1 700 1
a Римский-Корсаков
b Н.
1 702 1
a Кольцов
b А.
4 520
464 Аналитический уровень _0
1 2001
a Зелень трав
e Зелень трав, свежесть лип...
e для муж. хора
1 700 1
a Лист
b Ф.
1 702 1
a Уланд
b Л.
4 520
1 702 1
a Алемасова
b К.
4 730
464 Аналитический уровень _0
1 2001
a Хвалите Господа с небес
e Хвалите Господа с небес...
e для муж. хора
1 700 1
a Бортнянский
b Д.
512 Заглавие обложки 1_
a Заглавие обложки Хрестоматия по чтению хоровых партитур
606 Тематические рубрики 0_
a Основная рубрика Хоры без сопровождения
610 Ключевые слова 0_
a Ключевые слова хоры без сопровождения
686 Индексы других классификаций __
a Классификационный индекс 85.941.90
2 Код системы rubbk
702 Вторичная интеллектуальная ответственность _1
a Фамилия Семеновский
b Имя (инициалы) Д.
4 Код отношения 080
4 Код отношения 220
702 Вторичная интеллектуальная ответственность _1
a Фамилия Королёва
b Имя (инициалы) М.
4 Код отношения 080
4 Код отношения 220
801 Источник записи _0
a Страна RU
b Организация Ульяновская ОНБ
c Дата составления 20170218
g Правила каталогизации RCR
801 Источник записи _1
a Страна RU
b Организация Ульяновская ОНБ
c Дата составления 20170218
g Правила каталогизации RCR
901 Тип документа __
t Тип документа n
w Контрольный № источника RU/УОНБ/EK_N/540730273
909 Создатель записи __
a Создатель записи Лобина Л. И.
938 Служебная информация __
a Имя БД noti
b Имя библиотеки УОНБ
c Имя АИБС МАРК-SQL
d Номер DOC_ID в БД 15904